00555nam a2200157 a 450000100100000000500170001000800410002704000250006808200150009310000500010824500720015826000750023030000200030550000420032550400300036700002567120200930023948.0110221s1978 dr 000 0 spa d aDO-SdBNPbspacBNPHU axxxbF673a1 aFondo Para el Avance de las Ciencias Sociales13aLa antropología en la República Dominicana :buna evaluación. aSanto Domingo :bFondo para el Avance de las Ciencias Sociales,c1978. a74 p. ;c22 cm. aIncluye notas al pie de las páginas aBibliografía : p. 73-74